000 00294nam a22001217a 4500
008 171226b xxu||||| |||| 00| 0 eng d
041 _aeng
080 _a610.73
100 _a2
101 _aINF
245 _aBASIC LIFE SUPPORT FOR HEALTHCARE PROVIDERS
_cCHANDRA,N,C
942 _2udc
_cBK
999 _c39371
_d39371